<?xml version="1.0" encoding="UTF-8"?>
<record
    xmlns:xsi="http://www.w3.org/2001/XMLSchema-instance"
    xsi:schemaLocation="http://www.loc.gov/MARC21/slim http://www.loc.gov/standards/marcxml/schema/MARC21slim.xsd"
    xmlns="http://www.loc.gov/MARC21/slim">

  <leader>03417nam a22003497a 4500</leader>
  <controlfield tag="003">DO-SdBNP</controlfield>
  <controlfield tag="005">20210909131021.0</controlfield>
  <controlfield tag="008">2020 dr ||| 00| 0 spa d</controlfield>
  <datafield tag="020" ind1=" " ind2=" ">
    <subfield code="a">9789945613629 (v.1)</subfield>
  </datafield>
  <datafield tag="020" ind1=" " ind2=" ">
    <subfield code="a">9789945613636  (v.2)</subfield>
  </datafield>
  <datafield tag="040" ind1=" " ind2=" ">
    <subfield code="a">BPMSU</subfield>
    <subfield code="b">spa</subfield>
    <subfield code="c">BPMSU</subfield>
  </datafield>
  <datafield tag="082" ind1=" " ind2=" ">
    <subfield code="a">R920..0729</subfield>
    <subfield code="b">B972d 2020</subfield>
    <subfield code="2">22</subfield>
  </datafield>
  <datafield tag="100" ind1="1" ind2=" ">
    <subfield code="a">Burset Flores, Luis Rafael</subfield>
  </datafield>
  <datafield tag="245" ind1="1" ind2="0">
    <subfield code="a">La poblaci&#xF3;n del Caribe en el ocaso de la hegemon&#xED;a espa&#xF1;ola en la regi&#xF3;n 1590-1620 :</subfield>
    <subfield code="b">diccionario biogr&#xE1;fico  de residentes en la cuenca del Caribe /</subfield>
    <subfield code="c">Luis Rafael Burset Flores ; presentaci&#xF3;n : Raymundo Gonz&#xE1;lez </subfield>
    <subfield code="6"> </subfield>
  </datafield>
  <datafield tag="260" ind1=" " ind2=" ">
    <subfield code="a">Santo Domingo :</subfield>
    <subfield code="b">Corripio,</subfield>
    <subfield code="c">2020.</subfield>
  </datafield>
  <datafield tag="300" ind1=" " ind2=" ">
    <subfield code="a">v. ;</subfield>
    <subfield code="c">26 cm </subfield>
  </datafield>
  <datafield tag="490" ind1="0" ind2=" ">
    <subfield code="a">Archivo Genral de la Naci&#xF3;n </subfield>
    <subfield code="v">397</subfield>
  </datafield>
  <datafield tag="500" ind1=" " ind2=" ">
    <subfield code="a">Incluye datos biogr&#xE1;ficos del autor en  la solapa de la cubierta </subfield>
  </datafield>
  <datafield tag="500" ind1=" " ind2=" ">
    <subfield code="a">Incluye referencias bibliogr&#xE1;ficas y notas al pie de las p&#xE1;ginas </subfield>
  </datafield>
  <datafield tag="500" ind1=" " ind2=" ">
    <subfield code="a">Inclueye &#xED;ndice</subfield>
  </datafield>
  <datafield tag="504" ind1=" " ind2=" ">
    <subfield code="a">Bibliograf&#xED;a 479,520 p.</subfield>
  </datafield>
  <datafield tag="505" ind1="0" ind2=" ">
    <subfield code="a">v.1 : Presentaci&#xF3;n / Raymundo Gonz&#xE1;lez, 9.-- Introducci&#xF3;n, 13.-- Fuentes y metodolog&#xED;a, 16.-- Las biograf&#xED;as, 18.-- Aportaci&#xF3;n historiogr&#xE1;fica, 20.-- Abreviaturas utilizadas, 23.-- Sobre la nomenclatura de los nombres, 23.-- C&#xF3;mo leer las notas al calce, 23.-- Diccionario biogr&#xE1;fico. Caracas, 27.-- La poblaci&#xF3;n, 27.-- Lugares mencionados, 29.-- Etnias ind&#xED;genas mencionadas, 29.-- Las biograf&#xED;as, 30.-- Cartagena de Indias, 89.-- La poblaci&#xF3;n, 89.-- Lugares mencionados, 91.-- Las biograf&#xED;as, 92.-- Cuba y La Florida, 197.-- La poblaci&#xF3;n, 197.-- Lugares mencionados, 199.-- Ingenios, 199.-- Las biograf&#xED;as, 200.-- Cuman&#xE1;, 319.-- La poblaci&#xF3;n, 319.-- Lugares mencionados, 322.-- Etnias ind&#xED;genas, 322.-- Las biograf&#xED;as, 323.-- Jamaica, 357.-- La poblaci&#xF3;n, 357.-- Lugares mencionados, 359.-- Las biograf&#xED;as, 360.-- La Espa&#xF1;ola, 371.-- La poblaci&#xF3;n, 371.-- Lugares mencionados, 375.-- Hatos y hatillos mencionados, 375.-- Estancias e ingenios, 376.-- Establecimiento de palenques, 376.-- Las biograf&#xED;as, 377.
v.2 : Introducci&#xF3;n, 9.-- Fuentes y metodolog&#xED;a, 12.-- Las biograf&#xED;as, 14.-- Aportaci&#xF3;n historiogr&#xE1;fica, 16.-- Abreviaturas utilizadas, 19.-- Sobre la nomenclatura de los nombres, 19.-- C&#xF3;mo leer las notas al calce, 19.-- Diccionario biogr&#xE1;fico. La Margarita, 23.-- La poblaci&#xF3;n, 23.-- Lugares mencionados, 25.-- Las biograf&#xED;as, 26.-- Panam&#xE1;. La poblaci&#xF3;n, 95.-- Lugares mencionados, 98.-- Etnias ind&#xED;genas, 99.-- Pueblos de indios, 99.-- Pueblos de negros, 99.-- Las biograf&#xED;as, 100.-- Puerto Rico, 279.-- La poblaci&#xF3;n, 279.-- Lugares mencionados, 281.-- Las biograf&#xED;as, 282.-- R&#xED;o de la Hacha, 381.-- La poblaci&#xF3;n, 381.-- Lugares mencionados, 383.-- Las biograf&#xED;as, 384.-- Santa Marta, 397.-- La poblaci&#xF3;n, 397.-- Lugares mencionados, 400.-- Etnias ind&#xED;genas, 400.-- Las biograf&#xED;as, 401.-- Trinidad y Guayana, 439.-- La poblaci&#xF3;n, 439.-- Lugares mencionados, 441.-- Etnias ind&#xED;genas, 441.-- Las biograf&#xED;as, 442.-- Bibliograf&#xED;a, 479.</subfield>
  </datafield>
  <datafield tag="590" ind1=" " ind2=" ">
    <subfield code="6">Inventariado, 2021/VM</subfield>
  </datafield>
  <datafield tag="650" ind1=" " ind2="4">
    <subfield code="a">Biograf&#xED;as</subfield>
    <subfield code="v">Diccionarios.</subfield>
  </datafield>
  <datafield tag="651" ind1=" " ind2="4">
    <subfield code="a">Caribe (Regi&#xF3;n, Rep&#xFA;blica Dominicana)</subfield>
    <subfield code="v">Biograf&#xED;as </subfield>
    <subfield code="v">Diccionarios </subfield>
  </datafield>
  <datafield tag="651" ind1=" " ind2="4">
    <subfield code="a">Caribe (Regi&#xF3;n)</subfield>
    <subfield code="x">Historia </subfield>
    <subfield code="y">1590-1620</subfield>
    <subfield code="x"> </subfield>
    <subfield code="2"> </subfield>
    <subfield code="6"> </subfield>
  </datafield>
  <datafield tag="651" ind1=" " ind2="4">
    <subfield code="a">Espa&#xF1;a</subfield>
    <subfield code="x">Historia </subfield>
    <subfield code="y">1590-1620</subfield>
  </datafield>
  <datafield tag="700" ind1="1" ind2=" ">
    <subfield code="a">Gonz&#xE1;lez, Raymundo</subfield>
    <subfield code="d">1961-</subfield>
    <subfield code="e">Presentador </subfield>
  </datafield>
  <datafield tag="710" ind1="2" ind2=" ">
    <subfield code="a">Archivo General de la Naci&#xF3;n (Rep&#xFA;blica Dominicana).</subfield>
  </datafield>
  <datafield tag="910" ind1=" " ind2=" ">
    <subfield code="a">Mcabrera /VMateo </subfield>
  </datafield>
  <datafield tag="942" ind1=" " ind2=" ">
    <subfield code="2">ddc</subfield>
    <subfield code="c">BK</subfield>
  </datafield>
  <datafield tag="952" ind1=" " ind2=" ">
    <subfield code="0">0</subfield>
    <subfield code="1">0</subfield>
    <subfield code="2">ddc</subfield>
    <subfield code="4">0</subfield>
    <subfield code="7">0</subfield>
    <subfield code="8">CR-D</subfield>
    <subfield code="a">BPMET</subfield>
    <subfield code="b">BPMET</subfield>
    <subfield code="d">2021-09-07</subfield>
    <subfield code="e">AGN</subfield>
    <subfield code="l">0</subfield>
    <subfield code="o">BPMSU CDR R920.0729 B972d 2020</subfield>
    <subfield code="p">BPMSU21090053</subfield>
    <subfield code="r">2021-09-07</subfield>
    <subfield code="t">v.1</subfield>
    <subfield code="w">2021-09-07</subfield>
    <subfield code="y">BK</subfield>
    <subfield code="z">Compra</subfield>
  </datafield>
  <datafield tag="952" ind1=" " ind2=" ">
    <subfield code="0">0</subfield>
    <subfield code="1">0</subfield>
    <subfield code="2">ddc</subfield>
    <subfield code="4">0</subfield>
    <subfield code="7">0</subfield>
    <subfield code="8">CR-D</subfield>
    <subfield code="a">BPMET</subfield>
    <subfield code="b">BPMET</subfield>
    <subfield code="d">2021-09-07</subfield>
    <subfield code="e">AGN</subfield>
    <subfield code="l">0</subfield>
    <subfield code="o">BPMSU CDR R920.0729 B972d 2020</subfield>
    <subfield code="p">BPMSU21090054</subfield>
    <subfield code="r">2021-09-07</subfield>
    <subfield code="t">v.2</subfield>
    <subfield code="w">2021-09-07</subfield>
    <subfield code="y">BK</subfield>
    <subfield code="z">Compra</subfield>
  </datafield>
  <datafield tag="952" ind1=" " ind2=" ">
    <subfield code="0">0</subfield>
    <subfield code="1">0</subfield>
    <subfield code="2">ddc</subfield>
    <subfield code="4">0</subfield>
    <subfield code="7">0</subfield>
    <subfield code="8">CR-D</subfield>
    <subfield code="a">BPMET</subfield>
    <subfield code="b">BPMET</subfield>
    <subfield code="d">2021-09-07</subfield>
    <subfield code="e">AGN</subfield>
    <subfield code="l">0</subfield>
    <subfield code="o">BPMSU CDR R920.0729 B972d 2020</subfield>
    <subfield code="p">BPMSU24110032</subfield>
    <subfield code="r">2024-11-19</subfield>
    <subfield code="t">v.2, e.2</subfield>
    <subfield code="w">2021-09-07</subfield>
    <subfield code="y">BK</subfield>
    <subfield code="z">Compra</subfield>
  </datafield>
  <datafield tag="999" ind1=" " ind2=" ">
    <subfield code="c">13619</subfield>
    <subfield code="d">13619</subfield>
  </datafield>
</record>
